| 000 | 00000nam 2200000za 4500 |
| 001 | 9.633169 |
| 003 | CaOODSP |
| 005 | 20221107134313 |
| 007 | cr ||||||||||| |
| 008 | 160512s1999 onc o f000 0 fre d |
| 020 | |z0-662-641-76-0 |
| 040 | |aCaOODSP|bfre |
| 043 | |an-cn--- |
| 086 | 1 |aR72-274/1999F-PDF |
| 110 | 1 |aCanada.|bAffaires indiennes et du Nord. |
| 245 | 10|aPolitique sur l'analyse comparative entre les sexes |h[ressource électronique]. |
| 260 | |a[Ottawa] : |bAffaires indiennes et du Nord, |c1999. |
| 300 | |a13p. |
| 500 | |a«L'analyse portant sur l'égalité entre les sexes fait partie du processus d'élaboration des politiques. Il s'agit en fait d'un processus d'évaluation des répercussions différentes que peuvent avoir les politiques, les programmes et les textes législatifs sur les femmes et sur les hommes en tenant compte des situations de vie différentes (des réalités socio-économiques différentes) des femmes et des hommes.»--Page 4. |
| 500 | |aN.B.: Le n° de catalogue et ISBN imprimés dans cette publication sont incorrects. |
| 520 | 3 |aL'analyse portant sur l'égalité entre les sexes fait partie du processus d'élaboration des politiques. Il s'agit en fait d'un processus d'évaluation des répercussions différentes que peuvent avoir les politiques, les programmes et les textes législatifs sur les femmes et sur les hommes en tenant compte des situations de vie différentes (des réalités socio-économiques différentes) des femmes et des hommes.--Page 4 |
| 590 | |a06-10-Supp|b2006-12-15 |
| 692 | 07|2gccst|aMinistère du gouvernement fédéral |
| 692 | 07|2gccst|aÉgalité des sexes |
| 692 | 07|2gccst|aPolitique gouvernementale |
| 775 | 08|tGender equality analysis policy |w(CaOODSP)9.688753 |
| 856 | 40|qPDF|s237 Ko|uhttps://publications.gc.ca/collections/Collection/R72-274-1999F.pdf |